000 00501nam a22001457a 4500
999 _c19944
_d19944
008 240402b ||||| |||| 00| 0 eng d
020 _a0026851407
082 _aDC 653.1219
_bP96s 1987
100 _aPullis, Joe M.
_955739
245 _aSpeedwriting short hand dictation and transcription student transcript /
_cJoe M. Pullis.
260 _aNew York :
_bGlencoe Mcgraw-Hill,
_c©1987.
300 _a95 pages :
_billustrations ;
_c23 cm.
650 _aShorthand
_xSpeed writing.
_955762
942 _2ddc
_cDC